000 00522nam a22001457a 4500
008 230526b |||||||| |||| 00| 0 eng d
040 _aNational Science Library
_cNational Science Library
080 _aR 378.4(058)(4/9-44)
_bK8
245 _aCommonwealth universities yearbook 1968
_c/ The Association of Commonwealth Universities
260 _aLondon:
_bThe Association of Commonwealth Universities,
_c1968
300 _axxxii, 2844p.
650 _aHigher education
653 _aUniversities
942 _2udc
_cYBK
999 _c35576
_d35576